Catálogo
 En Linea
Vista normal Vista MARC

Entrada Término temático

Número de registros utilizados en: 1

001 - NÚMERO DE CONTROL

  • campo de control: 85247

003 - IDENTIFICADOR DEL NÚMERO DE CONTROL

  • campo de control: DO-SdBNP

005 - FECHA Y HORA DE LA ÚLTIMA TRANSACCIÓN

  • campo de control: 20240415140713.0

008 - DATOS DE LONGITUD FIJA

  • campo de control de longitud fija: 240415|| aca||aabn | a|a d

040 ## - FUENTE DE LA CATALOGACIÓN

  • Centro catalogador/agencia de origen: DO-SdBNP
  • Centro/agencia transcriptor: DO-SdBNP

150 ## - ENCABEZAMIENTO--TÉRMINO DE MATERIA

  • Término de materia o nombre geográfico como elemento de entrada: Turismo
  • Subdivisión geográfica: República Dominicana
  • Subdivisión de forma: Estadísticas

670 ## - FUENTE DE DATOS ENCONTRADOS

  • Cita de la fuente: Work cat.: (DO-SdBNP)27290: Banco Central de la República Dominicana Departamento de Cuentas Nacionales y Estadísticas Económicas 54851, Estadísticas turísticas 2003., 2004.

Con tecnología Koha